The mexican situation from a mexican point of view / (Record no. 38071)

MARC details
000 -LEADER
campo de control de longitud fija 00633nam a2200193 i 4500
001 - NÚMERO DE CONTROL
campo de control 38071
003 - IDENTIFICADOR DE NÚMERO DE CONTROL
campo de control ES-MaACL
005 - FECHA Y HORA DE LA ÚLTIMA TRANSACCIÓN
campo de control 20250820063025.0
007 - CAMPO FIJO DE DESCRIPCIÓN FÍSICA--INFORMACIÓN GENERAL
campo de control de longitud fija t|
008 - DATOS DE LONGITUD FIJA--INFORMACIÓN GENERAL
campo de control de longitud fija 030224s1914 xxu ||||1| eng d
100 1# - ENTRADA PRINCIPAL--NOMBRE DE PERSONA
Nombre de persona Cabrera, Luis,
Fechas asociadas al nombre 1876-1954
9 (RLIN) 33290
245 14 - MENCIÓN DEL TÍTULO
Título The mexican situation from a mexican point of view /
Mención de responsabilidad, etc. Luis Cabrera.
260 ## - PUBLICACIÓN, DISTRIBUCIÓN, ETC.
Lugar de publicación, distribución, etc. New York :
Nombre del editor, distribuidor, etc. [s.n.],
Fecha de publicación, distribución, etc. 1914.
300 ## - DESCRIPCIÓN FÍSICA
Extensión P. [245]-261 ;
Dimensiones 23 cm.
500 ## - NOTA GENERAL
Nota general Reprinted from The Journal of Race Development, Vol. 4, nº 3, January, 1914.
651 #4 - PUNTO DE ACCESO ADICIONAL DE MATERIA--NOMBRE GEOGRÁFICO
Nombre geográfico México-
Subdivisión general Historia-
Subdivisión geográfica 1910-1946.
9 (RLIN) 9066
852 ## - LOCALIZACIÓN
Ubicación ES-MaACL
Número de control de estantería 1565-F-6
Holdings
Estatus retirado Estado de pérdida Estado de daño No para préstamo Colección Biblioteca de origen Biblioteca actual Ubicación en estantería Fecha de adquisición Fuente de adquisición Total de préstamos Signatura topográfica completa Código de barras Visto por última vez Precio de reemplazo Tipo de ítem Koha
        Colección de folletos Biblioteca del Ateneo de Madrid Biblioteca del Ateneo de Madrid Depósito folletos 17/01/2008     1565-F-6 1040082 23/02/2023 23/02/2023 Folleto